000 00851nas a2200289 4500
001 BR8303915
003 BR-BrBNA
005 20231205085627.0
007 ta
008 230509b bl.|||p| |||| 00| 00por d
040 _aBR-BrBNA
_bpor
_cBiblioteca Nacional de Agricultura
041 _a(Pt)
072 _aL30
100 1 _aCunha, P.G. da
100 1 _aSilva, D.J. da
100 1 _aMattos, J.C.A. de
100 1 _aBoin, C.
245 1 _aEficacia da administracao de racao a bezerras lactentes e consequencias na desmama, recria e reproducao
650 _aBEZERRO
650 _aRACAO
650 _aLACTACAO
650 _aDESMAMA
650 _aRECRIA
773 0 _tBoletim de Industria Animal (Brazil)
_xISSN 0067-9615
_g(Jan-Jun 1983), v. 40(1) p. 13-19
_wBR8303915
909 _a202311
_bLúcia
_c55
_dLúcia Elande
942 _2AGRIS
_n0
_cANA
999 _c112640
_d112640